000 00702nam a2200229Ia 4500
003 OSt
005 20220930073927.0
006 a|||||r|||| 00| 0
007 ta
008 220926b |||||||| |||| 00| 0 hin d
024 _a50391
037 _cTheses
040 _aCRL
_cCRL
_bhin
041 _2hin
_ahin
100 _aSharma Usha Kanta
_9532531
110 _aUniversity of Delhi. Faculty of Arts. Department of Hindi
245 0 _aSwattantrayottar hindi kahani mein madhya varg (Supervisor
_b Dr. Usha Pandey)
650 _aHINDI LITERATURE
_923866
700 _aUniversity of Delhi. Faculty of Arts. Department of Hindi
942 _cDIS
_2CC
999 _c865664
_d865664